Travel Around the World (Word Chain) #4 - Statistics

General Stats
  • This quiz has been taken 288 times
  • The average score is 6 of 24
Answer Stats
Destination City % Correct
Hanoi
93%
Istanbul
65%
Lagos
52%
Seoul
50%
Lisbon
47%
Stockholm
30%
Montreal
23%
Nantes
23%
Oslo
22%
Las Vegas
20%
Madrid
19%
Rio de Janeiro
19%
Dublin
17%
Detroit
11%
Taipei
10%
Izmir
9%
San Salvador
9%
Rotterdam
7%
Oakland
6%
Guadalajara
5%
Nanjing
5%
Anchorage
3%
Edmonton
3%
Nassau
3%
No matching quizzes found
Score Distribution
Percent of People with Each Score
Percentile by Number Answered
Your Score History
You have not taken this quiz